<?xml version="1.0" encoding="UTF-8"?><?xml-stylesheet type="text/xsl" href="static/style.xsl"?><OAI-PMH xmlns="http://www.openarchives.org/OAI/2.0/" xmlns:xsi="http://www.w3.org/2001/XMLSchema-instance" xsi:schemaLocation="http://www.openarchives.org/OAI/2.0/ http://www.openarchives.org/OAI/2.0/OAI-PMH.xsd"><responseDate>2026-04-17T02:55:10Z</responseDate><request verb="GetRecord" identifier="oai:www.recercat.cat:2117/365478" metadataPrefix="marc">https://recercat.cat/oai/request</request><GetRecord><record><header><identifier>oai:recercat.cat:2117/365478</identifier><datestamp>2026-02-09T06:38:51Z</datestamp><setSpec>com_2072_1033</setSpec><setSpec>col_2072_452950</setSpec></header><metadata><record xmlns="http://www.loc.gov/MARC21/slim" xmlns:dcterms="http://purl.org/dc/terms/" xmlns:xsi="http://www.w3.org/2001/XMLSchema-instance" xmlns:doc="http://www.lyncode.com/xoai" xsi:schemaLocation="http://www.loc.gov/MARC21/slim http://www.loc.gov/standards/marcxml/schema/MARC21slim.xsd">
   <leader>00925njm 22002777a 4500</leader>
   <datafield ind2=" " ind1=" " tag="042">
      <subfield code="a">dc</subfield>
   </datafield>
   <datafield ind2=" " ind1=" " tag="720">
      <subfield code="a">Giraldo, Sergio</subfield>
      <subfield code="e">author</subfield>
   </datafield>
   <datafield ind2=" " ind1=" " tag="720">
      <subfield code="a">Jehl Li-Kao, Zacharie</subfield>
      <subfield code="e">author</subfield>
   </datafield>
   <datafield ind2=" " ind1=" " tag="720">
      <subfield code="a">Placidi, Marcel Jose</subfield>
      <subfield code="e">author</subfield>
   </datafield>
   <datafield ind2=" " ind1=" " tag="720">
      <subfield code="a">Saucedo Silva, Edgardo Ademar</subfield>
      <subfield code="e">author</subfield>
   </datafield>
   <datafield ind2=" " ind1=" " tag="260">
      <subfield code="c">2019-02-14</subfield>
   </datafield>
   <datafield ind2=" " ind1=" " tag="520">
      <subfield code="a">The latest progress and future perspectives of thin film photovoltaic kesterite technology are reviewed herein. Kesterite is currently the most promising emerging fully inorganic thin film photovoltaic technology based on critical raw-material-free and sustainable solutions. The positioning of kesterites in the frame of the emerging inorganic solar cells is first addressed, and the recent history of this family of materials briefly described. A review of the fast progress achieved earlier this decade is presented, toward the relative slowdown in the recent years partly explained by the large open-circuit voltage (VOC) deficit recurrently observed even in the best solar cell devices in the literature. Then, through a comparison with the close cousin Cu(In,Ga)Se2 technology, doping and alloying strategies are proposed as critical for enhancing the conversion efficiency of kesterite. In the second section herein, intrinsic and extrinsic doping, as well as alloying strategies are reviewed, presenting the most relevant and recent results, and proposing possible pathways for future implementation. In the last section, a review on technological applications of kesterite is presented, going beyond conventional photovoltaic devices, and demonstrating their suitability as potential candidates in advanced tandem concepts, photocatalysis, thermoelectric, gas sensing, etc.</subfield>
   </datafield>
   <datafield ind2=" " ind1=" " tag="520">
      <subfield code="a">Peer Reviewed</subfield>
   </datafield>
   <datafield ind2=" " ind1=" " tag="520">
      <subfield code="a">Postprint (published version)</subfield>
   </datafield>
   <datafield tag="653" ind2=" " ind1=" ">
      <subfield code="a">Àrees temàtiques de la UPC::Energies</subfield>
   </datafield>
   <datafield tag="653" ind2=" " ind1=" ">
      <subfield code="a">Photovoltaic power generation</subfield>
   </datafield>
   <datafield tag="653" ind2=" " ind1=" ">
      <subfield code="a">Energia solar fotovoltaica</subfield>
   </datafield>
   <datafield ind2="0" ind1="0" tag="245">
      <subfield code="a">Progress and perspectives of thin film kesterite photovoltaic technology: a critical review</subfield>
   </datafield>
</record></metadata></record></GetRecord></OAI-PMH>